000 00372pab a2200145 454500
008 180718b2008 xxu||||| |||| 00| 0 eng d
100 _aSudhakaran K.M.
245 _aPower and alienation: identity and dalits in multicultural paradigm
260 _c2008
300 _ap.375-86.
650 _aBackward classes
773 _aISDA Journal
908 _aN
909 _a82380
999 _c82380
_d82380